| 000 | 00677nam a2200301Ia 4500 | ||
|---|---|---|---|
| 005 | 20260127113108.0 | ||
| 008 | 008 260114s9999 xx 000 0 eng d | ||
| 020 | _a8185163219 | ||
| 037 | _aTextbook | ||
| 040 | _aPSDL | ||
| 040 | _beng | ||
| 040 | _cPSDL | ||
| 041 | _2eng | ||
| 041 | _aeng | ||
| 084 | _aV2:25M69X N1 | ||
| 084 | _qPSDL | ||
| 100 |
_aRattan, Ram _91109739 |
||
| 245 | 0 | _aGandhi's Thought and Action | |
| 245 | 0 | _cRattan, Ram | |
| 260 | _aNew Delhi | ||
| 260 | _bKalinga Publications | ||
| 260 | _c1997 | ||
| 300 | _a348p. | ||
| 942 | _cTB | ||
| 942 | _hV2:25M69X N1 | ||
| 999 |
_c1675626 _d1675626 |
||